Państwa Azji - Nagła śmierć - Statystyki

Ogólne statystyki
  • Ten quiz został rozwiązany 3 558 razy
  • Średni wynik to 13 z 20
Answers on the Grid
Answers color-coded by a green-red scale on the quiz's grid according to % correct below.
Tajwan
Burundi
Cypr
Kostaryka
Gambia
Bahrajn
Armenia
Mjanma
Samoa
Nepal
Kosowo
Antigua i
Barbuda
Irak
Angola
Timor
Wschodni
Oman
Dania
Kamerun
Seszele
Gujana
Burkina Faso
Sri Lanka
Białoruś
Wietnam
Austria
Tuvalu
Bangladesz
Bahamy
Wielka Brytania
Turcja
Mozambik
Tadżykistan
San Marino
Wenezuela
Mauretania
Laos
Mołdawia
Bhutan
Lesotho
Słowacja
Malediwy
Singapur
Syria
Kazachstan
 
Statystyki odpowiedzi
Odpowiedź % Poprawnych
Tajwan
94%
Irak
76%
Nepal
74%
Oman
70%
Bahrajn
69%
Armenia
67%
Mjanma
67%
Wietnam
67%
Cypr
66%
Singapur
66%
Kazachstan
65%
Sri Lanka
65%
Tadżykistan
65%
Bangladesz
64%
Timor
Wschodni
63%
Bhutan
62%
Syria
62%
Laos
60%
Malediwy
58%
Turcja
57%
Nie znaleziono quizów pasujących do podanych kryteriów
Rozkład punktacji
Procent ludzi z każdym wynikiem
Percentyl według liczby udzielonych odpowiedzi
Twoja historia wyników
Nie rozwiązałeś tego quizu